01768nam a2200373 a 450000500170000000800410001702000150005804100080007311000590008124501410014025000800028126000500036130000110041150001990042265300420062165300500066365300110071365300220072465300210074665300300076765300520079765300320084965300550088165300240093665300230096065300390098365300410102265300460106365300660110965300660117565300540124165300300129565300690132520240516110336.0100810s2004||||us a f |||| 001 0 spa d a1880696193 aspa1 aComité de Trauma del Colegio Americano de Cirujanos. aATLS Programa Avanzado de Apoyo Vital en Trauma para Médicos.bManual del curso /cComite de Trauma del Colegio Americano de Cirujanos a7a ed. en español, de la 7a ed. en inglésbTraducción Guillermo Arana aArgentina:bPrensa Médica Argentina;c2005. a407 p. aComité de Trauma del Colegio Americano de Cirujanos. (2005). ATLS. Programa Avanzado de Apoyo Vital en Trauma para Médicos. Manual del curso. (7a ed.). Argentina : Prensa Médica Argentina. aEvaluación y tratamientos iniciales aManejo de la vía aérea y la ventilación aChoque aTrauma torácico aTrauma abdominal aTrauma craneoencefálico aTrauma de la columna vertebral y medula espinal aTrauma musculoesquelético aLesiones por quemaduras y por exposición al frio aExtremos de la edad aTrauma en la mujer aTraslado para cuidados definitivos aApéndice: Prevención de lesiones aApéndice: Biomecánica de las lesiones aApéndice: Inmunización para la prevención del Tétanos aApéndice: Clasificaciones de trauma revisada y pediátrica aApéndice: Muestra de la hoja de flujo de trauma aApéndice: Trauma ocular aApéndice: Cuidado de lesiones en ambientes austeros y hostiles